Statistics for European Countries Without Mountains

Click here to take the quiz!

General Stats

  • This quiz has been taken 244 times
  • The average score is 11 of 12

Answer Stats

Country% Correct
Netherlands
94%
Belgium
91%
Estonia
90%
Latvia
89%
Lithuania
89%
Denmark
88%
Luxembourg
88%
Monaco
88%
Malta
85%
San Marino
85%
Vatican City
85%
Moldova
77%

Score Distribution

Percentile by Number Answered

Percent of People with Each Score

Your Score History

You have not taken this quiz